000 00745nam a2200241Ia 4500
003 OSt
005 20220926013704.0
006 a|||||r|||| 00| 0
007 ta
008 220923b |||||||| |||| 00| 0 eng d
020 _a9780471219932
_c675.75
037 _b825, 27/12/2013, Pranami Book Service
_cGeneral Book
040 _aRTL
_cRTL
_beng
041 _2eng
_aeng
082 _aX9, P2
100 _aMARCUM Dave
_9318827
245 0 _aBusiness think
_b Rules for getting it right- Now and no matter what!
260 _aNew York
_bJohn Wiley
_c2002
300 _axxi, 257p
_ccm.
650 _aCommerce
942 _hX9, P2
_cGB
_2CC
999 _c626578
_d626578